| 000 | 00488nam a2200145Ia 4500 | ||
|---|---|---|---|
| 008 | 140724s9999 xx 000 0 und d | ||
| 050 |
_aTK 7867 _b.L755 2013 |
||
| 100 | _aLingaya, Joy Leslie Ting. | ||
| 245 |
_aSISC's public relation office e-logbook system / _cJoy Leslie Ting Lingaya. |
||
| 260 |
_aLas PiƱas, Philippines : _bSouthville International School and Colleges, _cc2013. |
||
| 300 |
_a58 p. : _c28 cm. |
||
| 521 | _aInformation Technology | ||
| 942 | _cTH | ||
| 999 |
_c229108 _d229108 |
||